| 000 | 00421nam a2200133 a 4500 | ||
|---|---|---|---|
| 001 | 000044750 | ||
| 005 | 20201002045610.0 | ||
| 008 | 150109s2014 000 spa d | ||
| 020 | _a9789945868920 | ||
| 040 |
_aDO-SdBNP _bspa _cBNPHU |
||
| 245 | 0 |
_aThe team global gold : _bguia de emprendedores riquezas y perseverencia. |
|
| 260 |
_aSanto Domingo, República Dominicana, : _b[s. n.], _c2014. |
||
| 300 |
_a31 p. : ; _c21 cm. |
||
| 999 |
_c44239 _d44239 |
||